[Event "VL 2016/17"]
[Site "Mecklenburg/Vorpommern"]
[Date "2016.12.04"]
[Round "4.7"]
[White "Voll, Andreas"]
[Black "Menkhaus, Wolf Dieter"]
[Result "1/2-1/2"]
[WhiteElo "1821"]
[BlackElo "1800"]
[PlyCount "63"]
[EventType "team-tourn"]
[EventRounds "9"]
[SourceDate "2016.10.16"]
[WhiteTeam "SF Schwerin II"]
[BlackTeam "SSC Rostock II"]

1. Nf3 Nf6 2. d4 e6 3. g3 c5 4. Bg2 d5 5. O-O cxd4 6. Qxd4 Nc6 7. Qd1 Be7 8.
Nbd2 b5 9. a4 b4 10. Nb3 Ba6 11. Re1 Rc8 12. Be3 O-O 13. Nc5 Qa5 14. Nb3 Qc7
15. Bc5 Bxc5 16. Nxc5 Qa5 17. Nxa6 Qxa6 18. e3 Qa5 19. Qe2 Rc7 20. Red1 Rfc8
21. h3 Nd7 22. e4 dxe4 23. Qxe4 Nce5 24. Nd4 Nf6 25. Qf4 Nc4 26. b3 Nb6 27. Nb5
Nbd5 28. Qd4 Rc5 29. Nd6 Rb8 30. Nc4 Qc7 31. Re1 Nb6 32. Bf1 1/2-1/2

[Event "VL 2016/17"]
[Site "Mecklenburg/Vorpommern"]
[Date "2016.12.04"]
[Round "4.8"]
[White "Klippel, Jan"]
[Black "Goertz, Frank"]
[Result "1-0"]
[WhiteElo "2049"]
[BlackElo "1876"]
[PlyCount "61"]
[EventType "team-tourn"]
[EventRounds "9"]
[SourceDate "2016.10.16"]
[WhiteTeam "SSC Rostock II"]
[BlackTeam "SF Schwerin II"]

1. c4 Nf6 2. Nf3 c6 3. g3 d5 4. d4 dxc4 5. Bg2 e6 6. O-O Be7 7. Ne5 O-O 8. Nc3
Nbd7 9. Nxc4 Nd5 10. e4 Nxc3 11. bxc3 b5 12. Ne3 Bb7 13. a4 a6 14. Ba3 Nb6 15.
axb5 axb5 16. Qb3 Bxa3 17. Rxa3 Qd6 18. Rfa1 Rxa3 19. Rxa3 Ra8 20. Rxa8+ Bxa8
21. e5 Qd7 22. Qa3 Qb7 23. Qd6 Qc8 24. Be4 Na4 25. c4 Nc3 26. Bf3 Bb7 27. Qb4
Na4 28. Bg2 c5 29. Bxb7 Qxb7 30. dxc5 Qe4 31. Qxb5 1-0

[Event "VL 2016/17"]
[Site "Mecklenburg/Vorpommern"]
[Date "2016.12.04"]
[Round "4.2"]
[White "Valet, Richard"]
[Black "Schumacher, Dirk"]
[Result "1/2-1/2"]
[WhiteElo "1872"]
[BlackElo "1971"]
[PlyCount "43"]
[EventType "team-tourn"]
[EventRounds "9"]
[SourceDate "2016.10.16"]
[WhiteTeam "Greifswalder SV II"]
[BlackTeam "SF Ostsee Warnemünde"]

1. e4 c5 2. Nc3 e6 3. g3 Nc6 4. Bg2 Nf6 5. f4 d5 6. e5 Nd7 7. Nf3 Be7 8. O-O
O-O 9. d3 a6 10. a4 Rb8 11. Kh1 b5 12. axb5 axb5 13. d4 cxd4 14. Ne2 Bc5 15.
Nexd4 Nxd4 16. Nxd4 Qb6 17. Be3 Bb7 18. c3 b4 19. Qa4 bxc3 20. bxc3 Bxd4 21.
Bxd4 Qc6 22. Qxc6 1/2-1/2

[Event "VL 2016/17"]
[Site "Mecklenburg/Vorpommern"]
[Date "2016.12.04"]
[Round "4.3"]
[White "Wolke, Heiko"]
[Black "Sowada, Christoph"]
[Result "1-0"]
[WhiteElo "1964"]
[BlackElo "1919"]
[PlyCount "120"]
[EventType "team-tourn"]
[EventRounds "9"]
[SourceDate "2016.10.16"]
[WhiteTeam "SF Ostsee Warnemünde"]
[BlackTeam "Greifswalder SV II"]

1. e4 e5 2. Nf3 Nc6 3. d4 exd4 4. c3 d5 5. exd5 Qxd5 6. cxd4 Bg4 7. Be2 Bb4+ 8.
Nc3 Bxf3 9. Bxf3 Qc4 10. Bxc6+ bxc6 11. Qe2+ Qxe2+ 12. Kxe2 O-O-O 13. Rd1 Ne7
14. Be3 Rhe8 15. Rd3 Nf5 16. Rad1 c5 17. Kf3 Nh4+ 18. Kg3 Nf5+ 19. Kf3 Nh4+ 20.
Kg3 Nf5+ 21. Kf4 Nxd4 22. Bxd4 cxd4 23. Nb5 Bc5 24. Kf3 Re6 25. Nxd4 Bxd4 26.
Rxd4 Rf6+ 27. Kg3 Rg6+ 28. Kf3 Rf6+ 29. Ke2 Re6+ 30. Kf1 Rde8 31. R4d2 R6e7 32.
f3 f5 33. Kf2 g6 34. Rc1 Re6 35. Rc5 R8e7 36. Rdc2 Kb7 37. g3 Kb6 38. h4 Kb7
39. h5 Kb6 40. hxg6 hxg6 41. R5c4 Kb7 42. g4 Rf7 43. gxf5 gxf5 44. Kg3 c6 45.
Kf4 Kc7 46. Rc5 Ref6 47. Ra5 Kb6 48. Re5 Rd6 49. Rxf5 Rd4+ 50. Kg5 Rc7 51. Rf6
Kb5 52. f4 Rd5+ 53. f5 Rd1 54. Re6 Rg1+ 55. Kf6 Rf1 56. Ree2 c5 57. Rf2 Rg1 58.
Ke6 Re1+ 59. Rce2 Rh1 60. f6 Rh6 1-0

[Event "VL 2016/17"]
[Site "Mecklenburg/Vorpommern"]
[Date "2016.12.04"]
[Round "4.4"]
[White "Grehl, Tino"]
[Black "Hamann, Dirk"]
[Result "1/2-1/2"]
[WhiteElo "1843"]
[BlackElo "1879"]
[PlyCount "148"]
[EventType "team-tourn"]
[EventRounds "9"]
[SourceDate "2016.10.16"]
[WhiteTeam "Greifswalder SV II"]
[BlackTeam "SF Ostsee Warnemünde"]

1. c4 Nf6 2. Nc3 e5 3. g3 Nc6 4. Bg2 Be7 5. e3 O-O 6. Nge2 d6 7. d3 Bg4 8. h3
Bf5 9. a3 Qd7 10. e4 Bg6 11. O-O Bh5 12. Qc2 a5 13. Be3 h6 14. Nd5 Rfb8 15.
Nec3 Nxd5 16. cxd5 Na7 17. b4 Nc8 18. b5 c5 19. bxc6 bxc6 20. Rab1 c5 21. Rb2
Rxb2 22. Qxb2 Ra6 23. Rb1 Rb6 24. Qc2 Qb7 25. Rxb6 Qxb6 26. g4 Bg6 27. Qb1
Qxb1+ 28. Nxb1 f6 29. Bd2 Be8 30. Bc3 Bd8 31. Nd2 Bb5 32. Bf1 Kf7 33. Nb3 a4
34. Nd2 Ke7 35. Nf3 g5 36. Ne1 Kd7 37. Nc2 Ne7 38. Ne3 Ng6 39. Ng2 Ke7 40. Be2
Kd7 41. Kf1 Ke7 42. Ke1 Kd7 43. Kd2 Ke8 44. Kc2 Kd7 45. Bd2 Ke8 46. f3 Kd7 47.
Be1 Ke8 48. h4 Kd7 49. h5 Ne7 50. Ne3 Kc8 51. Nd1 Kb7 52. Nb2 Kc8 53. Kc1 Kb7
54. Bd1 Ka6 55. Bxa4 Bxa4 56. Nxa4 Kb5 57. Nb2 Bb6 58. a4+ Ka6 59. Nc4 Nc8 60.
Kb2 Bc7 61. Kb3 Bd8 62. Bd2 Bc7 63. Ne3 Ne7 64. Kc4 Bd8 65. Kb3 Bc7 66. a5 Kb5
67. Nc4 Nc8 68. Na3+ Ka6 69. Ka4 Na7 70. Bc3 Bd8 71. Nc4 Nc8 72. Bb2 Bc7 73.
Bc3 Bd8 74. Bd2 Bc7 1/2-1/2

[Event "VL 2016/17"]
[Site "Mecklenburg/Vorpommern"]
[Date "2016.12.04"]
[Round "4.5"]
[White "Schmidt, Reinhard"]
[Black "Nauschuetz, Ernst"]
[Result "1/2-1/2"]
[WhiteElo "1786"]
[BlackElo "1838"]
[PlyCount "74"]
[EventType "team-tourn"]
[EventRounds "9"]
[SourceDate "2016.10.16"]
[WhiteTeam "SF Ostsee Warnemünde"]
[BlackTeam "Greifswalder SV II"]

1. f4 g6 2. Nf3 d5 3. e3 Bg7 4. c4 Nf6 5. cxd5 Nxd5 6. Bc4 Nb6 7. Bb3 Nc6 8. a3
O-O 9. O-O Bg4 10. Qe1 Qd3 11. Nc3 Rad8 12. h3 Bc8 13. Qe2 a6 14. Qxd3 Rxd3 15.
Ne1 Rd6 16. d4 Na5 17. Ba2 e6 18. Nd3 Nd5 19. Bd2 Nxc3 20. Bxc3 Nc6 21. Rad1
Rfd8 22. Bb3 Ne7 23. Bb4 R6d7 24. Ne5 Bxe5 25. fxe5 Nd5 26. Bxd5 Rxd5 27. Rc1
a5 28. Be7 R8d7 29. Bf6 b6 30. Rc3 Bb7 31. Rfc1 c6 32. Rb3 b5 33. Rbc3 h6 34.
Rc5 Rxc5 35. Rxc5 g5 36. Kf2 Kh7 37. g4 Rd5 1/2-1/2

[Event "VL 2016/17"]
[Site "Mecklenburg/Vorpommern"]
[Date "2016.12.04"]
[Round "4.6"]
[White "Dombrowski, Frank"]
[Black "Boecking, Uwe"]
[Result "1-0"]
[WhiteElo "1988"]
[BlackElo "1724"]
[PlyCount "89"]
[EventType "team-tourn"]
[EventRounds "9"]
[SourceDate "2016.10.16"]
[WhiteTeam "Greifswalder SV II"]
[BlackTeam "SF Ostsee Warnemünde"]

1. c3 d5 2. d4 Nf6 3. Bf4 c6 4. Nf3 Bf5 5. e3 e6 6. Nbd2 Be7 7. Be2 O-O 8. O-O
Nbd7 9. h3 h6 10. Qb3 Qb6 11. Rfc1 a5 12. a4 Ne4 13. Qxb6 Nxb6 14. Nxe4 Bxe4
15. Nd2 Rfc8 16. c4 Bb4 17. Nxe4 dxe4 18. Rd1 Kf8 19. f3 exf3 20. gxf3 Nd7 21.
c5 Re8 22. Bd6+ Kg8 23. Kf2 e5 24. dxe5 Nxe5 25. f4 Nd7 26. Rac1 Nf6 27. Bf3
Rad8 28. Rd4 Re6 29. f5 Ree8 30. Rg1 Rd7 31. e4 b6 32. e5 bxc5 33. Rxb4 cxb4
34. Bxc6 Rxd6 35. Bxe8 Ne4+ 36. Ke3 Rd8 37. Bxf7+ Kxf7 38. Kxe4 Rd2 39. e6+ Kf6
40. Rg6+ Ke7 41. Rxg7+ Kf8 42. Rf7+ Ke8 43. Ke5 Rxb2 44. Rb7 Re2+ 45. Kf6 1-0

[Event "VL 2016/17"]
[Site "Mecklenburg/Vorpommern"]
[Date "2016.12.04"]
[Round "4.7"]
[White "Staben, Norbert"]
[Black "Altenstein, Jonas"]
[Result "1-0"]
[WhiteElo "1689"]
[BlackElo "1460"]
[PlyCount "107"]
[EventType "team-tourn"]
[EventRounds "9"]
[SourceDate "2016.10.16"]
[WhiteTeam "SF Ostsee Warnemünde"]
[BlackTeam "Greifswalder SV II"]

1. d4 d5 2. c4 e6 3. Nc3 Nf6 4. Nf3 Bb4 5. a3 Bxc3+ 6. bxc3 Nbd7 7. e3 O-O 8.
Bd3 dxc4 9. Bxc4 Nb6 10. Bd3 Bd7 11. Ne5 Ba4 12. Qe2 Nbd5 13. Bd2 Rc8 14. Bb5
Bxb5 15. Qxb5 Nb6 16. O-O Ne4 17. Rfd1 Qg5 18. Qd3 Qf5 19. f3 Nd6 20. e4 Qf6
21. c4 c5 22. dxc5 Qxe5 23. cxb6 axb6 24. Bb4 Nxc4 25. Bxf8 Nb2 26. Qd4 Qxd4+
27. Rxd4 Kxf8 28. Rd7 Rb8 29. Rc1 f5 30. e5 Na4 31. Rcc7 Nc5 32. Rf7+ Ke8 33.
Rxg7 Kf8 34. Rxh7 Kg8 35. h4 Rd8 36. Rhe7 Kf8 37. h5 Nd3 38. Rxe6 Nf4 39. Rf6+
Kg8 40. Rxf5 Ne6 41. Rxb7 Re8 42. Rxb6 Kh7 43. g4 Kg8 44. f4 Kg7 45. Rxe6 Rxe6
46. Rf6 Re8 47. Ra6 Kh8 48. Ra7 Rg8 49. g5 Rf8 50. Ra4 Rd8 51. Kg2 Rd2+ 52. Kf3
Rd3+ 53. Ke4 Rd8 54. Ra7 1-0

[Event "VL 2016/17"]
[Site "Mecklenburg/Vorpommern"]
[Date "2016.12.04"]
[Round "4.8"]
[White "Malchau, Jochen"]
[Black "Vladov, Mark"]
[Result "0-1"]
[WhiteElo "1667"]
[BlackElo "1619"]
[PlyCount "128"]
[EventType "team-tourn"]
[EventRounds "9"]
[SourceDate "2016.10.16"]
[WhiteTeam "Greifswalder SV II"]
[BlackTeam "SF Ostsee Warnemünde"]

1. d4 Nf6 2. c4 g6 3. Nc3 Bg7 4. Nf3 O-O 5. g3 d6 6. Bg2 Nbd7 7. O-O e5 8. dxe5
dxe5 9. e4 c6 10. Qc2 Qc7 11. b3 Rb8 12. Ba3 Re8 13. Rfd1 Bf8 14. Bxf8 Nxf8 15.
h3 h5 16. Rd3 b5 17. cxb5 cxb5 18. Rc1 Bb7 19. Ng5 Rbc8 20. Qb2 b4 21. Ne2 Qb6
22. Rcd1 Ba6 23. Rd6 Rc6 24. Rxc6 Qxc6 25. Qd2 Bxe2 26. Qxe2 Ne6 27. Nxe6 Rxe6
28. Rd8+ Re8 29. Rxe8+ Nxe8 30. f4 exf4 31. gxf4 Qc1+ 32. Kf2 Qxf4+ 33. Qf3 Qe5
34. Qd3 Nc7 35. Qd8+ Kg7 36. Qb8 a5 37. Qa7 h4 38. Qb8 Qc5+ 39. Kf1 Nb5 40. Qf4
g5 41. Qd2 Qe5 42. Kg1 Kg6 43. Qe2 Nc3 44. Qa6+ Kg7 45. Qc4 Nxa2 46. Qc2 Nc3
47. Qd3 Nb5 48. Bf1 Qd4+ 49. Kg2 Qxd3 50. Bxd3 Nc3 51. Bc2 Kf6 52. Kf3 Ke5 53.
Ke3 Nb5 54. Bd3 Nd4 55. Bc4 f5 56. exf5 Nxf5+ 57. Kf2 Kd4 58. Be6 Ne3 59. Ke2
Ng2 60. Kf3 Nf4 61. Bf7 Nxh3 62. Kg4 Nf2+ 63. Kf3 Nd3 64. Be6 Ne5+ 0-1

[Event "VL 2016/17"]
[Site "Mecklenburg/Vorpommern"]
[Date "2016.12.04"]
[Round "4.1"]
[White "Mehl, Ronald"]
[Black "Montag, Ralf"]
[Result "1/2-1/2"]
[WhiteElo "2054"]
[BlackElo "1918"]
[PlyCount "127"]
[EventType "team-tourn"]
[EventRounds "9"]
[SourceDate "2016.10.16"]
[WhiteTeam "FHSG Stralsund"]
[BlackTeam "VT Ludwigslust"]

1. d4 f5 2. Nf3 Nf6 3. g3 b6 4. Bg2 Bb7 5. O-O e6 6. c4 c5 7. d5 exd5 8. Nh4 g6
9. Nc3 Be7 10. cxd5 d6 11. Nf3 h6 12. e4 Nxe4 13. Nxe4 fxe4 14. Nd2 Bxd5 15.
Nxe4 Bc6 16. Nc3 Bxg2 17. Kxg2 Qd7 18. Re1 Nc6 19. Qd3 O-O-O 20. Qxg6 d5 21.
Bf4 d4 22. Re6 Kb7 23. Rd1 Bg5 24. Rd6 Qe8 25. Bxg5 hxg5 26. Ne4 Ne5 27. Qg7+
Nf7 28. Re1 Qf8 29. Rg6 Rg8 30. Qxg8 Qxg8 31. Rxg8 Rxg8 32. Nf6 Rg7 33. Re7+
Kc6 34. Kf1 d3 35. Ke1 a5 36. Kd2 c4 37. Ne8 Rh7 38. Rc7+ Kd5 39. Nf6+ Kd6 40.
Rxc4 Rxh2 41. Ng4 Ne5 42. Rd4+ Kc5 43. Nxe5 Rxf2+ 44. Kxd3 Rxb2 45. Rg4 Rxa2
46. Rxg5 Ra3+ 47. Kc2 b5 48. Nd3+ Kd4 49. Nc1 Kc4 50. Rg4+ Kd5 51. Nd3 b4 52.
Rf4 Ra2+ 53. Nb2 a4 54. Kb1 Ra3 55. Rxb4 Rxg3 56. Rxa4 Rg2 57. Nd3 Rd2 58. Nb4+
Kc4 59. Nc2+ Kb3 60. Ra3+ Kc4 61. Kc1 Rh2 62. Kb2 Rf2 63. Rc3+ Kd5 64. Kb3
1/2-1/2

[Event "VL 2016/17"]
[Site "Mecklenburg/Vorpommern"]
[Date "2016.12.04"]
[Round "4.2"]
[White "Wiemer, Juergen"]
[Black "Hubert, Peter"]
[Result "0-1"]
[WhiteElo "1952"]
[BlackElo "2001"]
[PlyCount "114"]
[EventType "team-tourn"]
[EventRounds "9"]
[SourceDate "2016.10.16"]
[WhiteTeam "VT Ludwigslust"]
[BlackTeam "FHSG Stralsund"]

1. e4 c5 2. c3 Nc6 3. Nf3 d5 4. exd5 Qxd5 5. d4 Bg4 6. Be2 e6 7. O-O Nf6 8. Be3
cxd4 9. cxd4 Be7 10. h3 Bh5 11. Nc3 Qd7 12. g4 Bg6 13. Bb5 O-O 14. Ne5 Qc8 15.
Qa4 Nxe5 16. dxe5 a6 17. Be2 Nd7 18. Rac1 Qe8 19. f4 b5 20. Qd1 Bc5 21. Bxc5
Nxc5 22. Qd4 Qe7 23. f5 Rad8 24. Qe3 exf5 25. gxf5 Nd7 26. fxg6 hxg6 27. Nd5
Qxe5 28. Ne7+ Kh7 29. Qxe5 Nxe5 30. Rf4 g5 31. Rf5 f6 32. Rc7 Rd2 33. Rf2 Rxb2
34. Nd5 Kh6 35. Bf1 Rxf2 36. Kxf2 Rd8 37. Bg2 Rd6 38. Ke3 g4 39. Rc8 gxh3 40.
Rh8+ Kg6 41. Rxh3 Kf7 42. Rh8 Rc6 43. Be4 Rc4 44. Rd8 Ra4 45. Nc3 Ra3 46. Kd4
b4 47. Ne2 g5 48. Bd5+ Kg6 49. Bb3 Ra5 50. Nc1 g4 51. Nd3 Nxd3 52. Kxd3 Kg5 53.
Kc4 g3 54. Kxb4 Rb5+ 55. Kc3 Kf4 56. Rd6 g2 57. Rxf6+ Rf5 0-1

[Event "VL 2016/17"]
[Site "Mecklenburg/Vorpommern"]
[Date "2016.12.04"]
[Round "4.3"]
[White "Glawe, Hartmut"]
[Black "Krueger, Horst"]
[Result "1-0"]
[WhiteElo "1939"]
[BlackElo "1884"]
[PlyCount "61"]
[EventType "team-tourn"]
[EventRounds "9"]
[SourceDate "2016.10.16"]
[WhiteTeam "FHSG Stralsund"]
[BlackTeam "VT Ludwigslust"]

1. d4 d5 2. Bf4 c6 3. Nf3 Nf6 4. e3 Qb6 5. b3 Bf5 6. Bd3 Ne4 7. O-O e6 8. Ne5
f6 9. Bxe4 Bxe4 10. Nd3 Qd8 11. c4 g5 12. Bg3 h5 13. Nc3 Bg6 14. cxd5 exd5 15.
Nc5 h4 16. Bxb8 Qxb8 17. f4 Bd6 18. Qg4 Bxc5 19. dxc5 Qc7 20. fxg5 f5 21. Qd4
O-O-O 22. h3 Qe7 23. b4 Rde8 24. Rae1 Qxg5 25. b5 Re7 26. Qxh8+ Kd7 27. Qa8 Be8
28. Qb8 Rxe3 29. Qxb7+ Kd8 30. bxc6 Bxc6 31. Qxc6 1-0

[Event "VL 2016/17"]
[Site "Mecklenburg/Vorpommern"]
[Date "2016.12.04"]
[Round "4.4"]
[White "Martensen, Helmut"]
[Black "Kohn, Andreas"]
[Result "1/2-1/2"]
[WhiteElo "1905"]
[BlackElo "1917"]
[PlyCount "57"]
[EventType "team-tourn"]
[EventRounds "9"]
[SourceDate "2016.10.16"]
[WhiteTeam "VT Ludwigslust"]
[BlackTeam "FHSG Stralsund"]

1. e4 e6 2. d4 d5 3. Nc3 Bb4 4. Qg4 Nf6 5. Qxg7 Rg8 6. Qh6 Rg6 7. Qe3 Nxe4 8.
Bd3 f5 9. Bxe4 dxe4 10. Nge2 Nc6 11. Bd2 Qf6 12. O-O-O Bd6 13. Nb5 Bd7 14. Nf4
Rg8 15. Nxd6+ cxd6 16. d5 Ne5 17. Qb3 O-O-O 18. dxe6 Bc6 19. Be3 b6 20. Rd2 Qe7
21. Rhd1 Ng6 22. Qa3 d5 23. Qc3 Kb7 24. Nxg6 Rxg6 25. g3 Qxe6 26. Kb1 Ka8 27.
h4 Rc8 28. Qd4 Bb7 29. b3 1/2-1/2

[Event "VL 2016/17"]
[Site "Mecklenburg/Vorpommern"]
[Date "2016.12.04"]
[Round "4.5"]
[White "Paulowitz, Bernd Rainer"]
[Black "Hilpert, Andreas"]
[Result "1/2-1/2"]
[WhiteElo "1892"]
[BlackElo "1787"]
[PlyCount "75"]
[EventType "team-tourn"]
[EventRounds "9"]
[SourceDate "2016.10.16"]
[WhiteTeam "FHSG Stralsund"]
[BlackTeam "VT Ludwigslust"]

1. d4 d5 2. c4 c6 3. Nc3 Nf6 4. Nf3 e6 5. e3 Be7 6. Bd3 O-O 7. O-O b6 8. Qe2
Bb7 9. b3 Nbd7 10. Bb2 c5 11. Rad1 cxd4 12. exd4 Re8 13. Ne5 Nf8 14. cxd5 exd5
15. Qf3 Ne6 16. Ne2 Bd6 17. Ng4 Nxg4 18. Qxg4 Qg5 19. Qxg5 Nxg5 20. Ng3 g6 21.
Ne2 f5 22. Bc1 Ne6 23. f4 Rac8 24. Bd2 Kf7 25. a4 a5 26. Kf2 h6 27. g3 Kf6 28.
Rc1 g5 29. Bb5 Rxc1 30. Rxc1 Rc8 31. Rxc8 Bxc8 32. Kf3 g4+ 33. Ke3 Bb7 34. Bc3
Ng7 35. Nc1 Ne6 36. Nd3 Nd8 37. Ne5 Bc8 38. Kd3 1/2-1/2

[Event "VL 2016/17"]
[Site "Mecklenburg/Vorpommern"]
[Date "2016.12.04"]
[Round "4.6"]
[White "Mitscherling, Reinhard"]
[Black "Kohn, Thomas"]
[Result "1/2-1/2"]
[WhiteElo "1783"]
[BlackElo "1857"]
[PlyCount "107"]
[EventType "team-tourn"]
[EventRounds "9"]
[SourceDate "2016.10.16"]
[WhiteTeam "VT Ludwigslust"]
[BlackTeam "FHSG Stralsund"]

1. d4 Nf6 2. Nf3 g6 3. c4 Bg7 4. Nc3 O-O 5. g3 c5 6. d5 d6 7. Bg2 Na6 8. O-O
Nc7 9. e4 Rb8 10. Re1 Bg4 11. Qd3 Nd7 12. Bf4 Bxf3 13. Qxf3 b5 14. cxb5 Nxb5
15. Qd3 Qa5 16. Rac1 Ne5 17. Bxe5 Bxe5 18. Nxb5 Rxb5 19. b3 Rfb8 20. Re2 Rb4
21. Rc4 Qa3 22. Rec2 a5 23. Rxb4 Rxb4 24. Qe3 a4 25. bxa4 Rb1+ 26. Bf1 Qxa4 27.
Qd3 Ra1 28. Qe2 Qb4 29. h3 Re1 30. Qd3 Rxe4 31. Rc4 Rxc4 32. Qxc4 Bd4 33. Qxb4
cxb4 34. Bc4 Kg7 35. Kf1 Kf6 36. f4 e5 37. fxe5+ Kxe5 38. Ke2 Ke4 39. Bb3 h5
40. Bc2+ Ke5 41. Kf3 f5 42. g4 h4 43. gxf5 gxf5 44. Bd3 Bc3 45. Bc2 Bd2 46. Ke2
Bc1 47. Kf3 f4 48. Bb3 Kd4 49. Kg4 Ke4 50. Kxh4 Ke3 51. Bd1 Ke4 52. Kg4 Kxd5
53. Kf3 Ke5 54. h4 1/2-1/2

[Event "VL 2016/17"]
[Site "Mecklenburg/Vorpommern"]
[Date "2016.12.04"]
[Round "4.7"]
[White "Klepin, Wilfried"]
[Black "Emmrich, Olaf"]
[Result "1/2-1/2"]
[WhiteElo "1831"]
[BlackElo "1767"]
[PlyCount "78"]
[EventType "team-tourn"]
[EventRounds "9"]
[SourceDate "2016.10.16"]
[WhiteTeam "FHSG Stralsund"]
[BlackTeam "VT Ludwigslust"]

1. f4 d5 2. e3 Nf6 3. d4 Bf5 4. Bd3 Bxd3 5. cxd3 c6 6. Nf3 Nbd7 7. O-O e6 8.
Nc3 Bb4 9. Qb3 Bxc3 10. bxc3 Qb6 11. Ba3 Qxb3 12. axb3 Nb6 13. h3 Nfd7 14. e4
f6 15. Rae1 Kf7 16. c4 Rae8 17. Re2 h6 18. Rfe1 g6 19. exd5 cxd5 20. g4 Nc8 21.
Kg2 g5 22. Kg3 Nb8 23. h4 gxf4+ 24. Kxf4 Nc6 25. g5 hxg5+ 26. hxg5 Rh3 27. Re3
Rh5 28. cxd5 N6e7 29. dxe6+ Kg6 30. Kg4 f5+ 31. Kg3 f4+ 32. Kg4 Rxg5+ 33. Nxg5
fxe3 34. Rxe3 Nf5 35. Re4 Rh8 36. Nf3 Kf6 37. d5 Rg8+ 38. Kf4 Nb6 39. Bb2+ Kg6
1/2-1/2

[Event "VL 2016/17"]
[Site "Mecklenburg/Vorpommern"]
[Date "2016.12.04"]
[Round "4.8"]
[White "Altenburg, Reiner"]
[Black "Giese, Lothar"]
[Result "1/2-1/2"]
[WhiteElo "1680"]
[BlackElo "1795"]
[PlyCount "50"]
[EventType "team-tourn"]
[EventRounds "9"]
[SourceDate "2016.10.16"]
[WhiteTeam "VT Ludwigslust"]
[BlackTeam "FHSG Stralsund"]

1. d4 d5 2. c4 e6 3. Nc3 Nf6 4. Bg5 Be7 5. e3 h6 6. Bh4 O-O 7. Nf3 b6 8. Rc1
Ba6 9. Nd2 dxc4 10. Bxc4 Bxc4 11. Nxc4 Nd5 12. Bxe7 Qxe7 13. Qf3 Na6 14. O-O
Nxc3 15. Rxc3 c5 16. Ne5 cxd4 17. Nc6 Qf6 18. Qxf6 gxf6 19. Nxd4 Nb4 20. a3 Nd5
21. Rc2 f5 22. Rfc1 Kg7 23. Kf1 Kf6 24. Nb5 Rfd8 25. Ke2 Rd7 1/2-1/2

[Event "VL 2016/17"]
[Site "Mecklenburg/Vorpommern"]
[Date "2017.01.07"]
[Round "4.1"]
[White "Schinke, Andreas"]
[Black "Schmekel, Florian"]
[Result "1/2-1/2"]
[WhiteElo "2034"]
[BlackElo "1959"]
[PlyCount "51"]
[EventType "team-tourn"]
[EventRounds "9"]
[SourceDate "2016.10.16"]
[WhiteTeam "Grevesmuehlen "]
[BlackTeam "SAV Torgelow"]

1. Nf3 c5 2. c4 Nc6 3. Nc3 g6 4. e4 Bg7 5. Be2 e6 6. O-O Nge7 7. a3 O-O 8. Rb1
a6 9. b4 b6 10. Qb3 d6 11. Bb2 Bd7 12. Na4 e5 13. Nc3 h6 14. Nd5 Nxd5 15. cxd5
Nd4 16. Nxd4 cxd4 17. f4 exf4 18. Rxf4 Be5 19. Rff1 Qg5 20. Qf3 f5 21. d3 Rae8
22. Bc1 Qh4 23. g3 Qh3 24. Qg2 Qxg2+ 25. Kxg2 Kg7 26. Bd2 1/2-1/2

[Event "VL 2016/17"]
[Site "Mecklenburg/Vorpommern"]
[Date "2017.01.07"]
[Round "4.2"]
[White "Zentgraf, Robert"]
[Black "Naujok, Joerg"]
[Result "1-0"]
[WhiteElo "2099"]
[BlackElo "1979"]
[PlyCount "77"]
[EventType "team-tourn"]
[EventRounds "9"]
[SourceDate "2016.10.16"]
[WhiteTeam "SAV Torgelow"]
[BlackTeam "Grevesmuehlen "]

1. e4 d6 2. d4 Nf6 3. Nc3 g6 4. Nf3 Bg7 5. Be2 O-O 6. O-O c6 7. h3 Qc7 8. Bf4
Nh5 9. Bh2 e5 10. Qd2 Be6 11. Rad1 Na6 12. dxe5 dxe5 13. Bxa6 bxa6 14. Qd6 Qb6
15. Na4 Qb5 16. b3 Rae8 17. Qc5 Nf4 18. c4 Qb7 19. Rd6 f5 20. Bxf4 exf4 21. e5
h6 22. Qxc6 Qxc6 23. Rxc6 g5 24. Re1 g4 25. Nh4 gxh3 26. gxh3 Bd7 27. Rxa6 Bxe5
28. Ng6 Bb8 29. Rd1 Bc8 30. Nxf8 Bxa6 31. Nd7 Kf7 32. Nxb8 Rxb8 33. Rd7+ Kg8
34. Nc5 Bc8 35. Rxa7 f3 36. Kh2 f4 37. Nd3 Bf5 38. Nxf4 Rd8 39. Kg3 1-0

[Event "VL 2016/17"]
[Site "Mecklenburg/Vorpommern"]
[Date "2017.01.07"]
[Round "4.3"]
[White "Boehme, Andy"]
[Black "Ehlers, Michael"]
[Result "1-0"]
[WhiteElo "1992"]
[BlackElo "1881"]
[PlyCount "97"]
[EventType "team-tourn"]
[EventRounds "9"]
[SourceDate "2016.10.16"]
[WhiteTeam "Grevesmuehlen "]
[BlackTeam "SAV Torgelow"]

1. Nf3 c5 2. b3 d6 3. Bb2 e5 4. e4 Nf6 5. Nc3 a6 6. Bc4 b5 7. Bd5 Nxd5 8. Nxd5
Nd7 9. d3 Nf6 10. Ne3 g6 11. a4 Bd7 12. axb5 axb5 13. O-O Bg7 14. c4 O-O 15.
Qc2 Qb6 16. Nd2 Bh6 17. cxb5 Bxb5 18. Ndc4 Qc6 19. Na5 Qd7 20. Nec4 Ra6 21. f4
Bxf4 22. Rxf4 exf4 23. Bxf6 Rfa8 24. Bb2 d5 25. exd5 Qxd5 26. Qc3 Qd4+ 27. Qxd4
cxd4 28. b4 Bxc4 29. dxc4 d3 30. Rd1 Rd8 31. Bc3 Rd7 32. c5 Ra8 33. c6 Rd5 34.
Nc4 Ra6 35. Ne5 f6 36. c7 Ra8 37. Nc6 Rd7 38. b5 Rxc7 39. Rxd3 f5 40. Ba5 Rxc6
41. bxc6 Rxa5 42. c7 Rc5 43. Rd8+ Kg7 44. c8=Q Rxc8 45. Rxc8 Kf6 46. Kf2 h6 47.
Rc6+ Kg5 48. Kf3 h5 49. Rb6 1-0

[Event "VL 2016/17"]
[Site "Mecklenburg/Vorpommern"]
[Date "2017.01.07"]
[Round "4.4"]
[White "Bauer, Norbert"]
[Black "Stiegler, Maik"]
[Result "1-0"]
[WhiteElo "1965"]
[BlackElo "1930"]
[PlyCount "121"]
[EventType "team-tourn"]
[EventRounds "9"]
[SourceDate "2016.10.16"]
[WhiteTeam "SAV Torgelow"]
[BlackTeam "Grevesmuehlen "]

1. d4 d5 2. c4 Nf6 3. cxd5 Qxd5 4. Nc3 Qd8 5. e4 e6 6. Nf3 Be7 7. Bc4 O-O 8.
O-O c6 9. a4 Nbd7 10. Qe2 Qc7 11. e5 Nd5 12. Bg5 N7b6 13. Bd3 f6 14. exf6 gxf6
15. Bh6 Rf7 16. a5 Nxc3 17. bxc3 Nd5 18. Qd2 Bd6 19. g3 Qd8 20. Rfe1 Bf8 21.
Bxf8 Qxf8 22. Rab1 Qg7 23. c4 Ne7 24. Qe3 Ng6 25. Bxg6 hxg6 26. Nd2 g5 27. f4
g4 28. Ne4 Re7 29. Nd6 Rb8 30. Nf5 Qh7 31. Nxe7+ Qxe7 32. f5 e5 33. Qe4 Qh7 34.
Qxg4+ Kh8 35. Qg6 Bxf5 36. Qxh7+ Kxh7 37. Rb2 exd4 38. Re7+ Kg6 39. Rbxb7 Rd8
40. Rb2 Bd3 41. Rc7 Rd6 42. c5 Re6 43. Rd2 Bb5 44. Rxd4 a6 45. Rd6 Re1+ 46. Kf2
Re2+ 47. Kf3 Rxh2 48. Rc8 Ra2 49. Rf8 Ra3+ 50. Kf4 Ra4+ 51. Ke3 Ra3+ 52. Kd4
Rf3 53. Rg8+ Kf7 54. Rg4 Rd3+ 55. Ke4 Rc3 56. Rf4 Rxg3 57. Rdxf6+ Ke7 58. Rf7+
Ke8 59. Ke5 Re3+ 60. Kd6 Bc4 61. Rf8# 1-0

[Event "VL 2016/17"]
[Site "Mecklenburg/Vorpommern"]
[Date "2017.01.07"]
[Round "4.5"]
[White "Wecke, Thoralf"]
[Black "Bress, Aaron"]
[Result "1-0"]
[WhiteElo "1849"]
[BlackElo "1670"]
[PlyCount "71"]
[EventType "team-tourn"]
[EventRounds "9"]
[SourceDate "2016.10.16"]
[WhiteTeam "Grevesmuehlen "]
[BlackTeam "SAV Torgelow"]

1. d4 Nf6 2. Bg5 d5 3. Bxf6 exf6 4. e3 Bd6 5. c4 dxc4 6. Bxc4 O-O 7. Nc3 f5 8.
Nf3 Nd7 9. O-O Nf6 10. Qc2 g6 11. Rac1 c6 12. Rfd1 Qe7 13. g3 Bd7 14. Bf1 Rfe8
15. Bg2 Kg7 16. Nd2 Rac8 17. a3 a5 18. Nb3 Ra8 19. Na4 Ne4 20. Nbc5 Bxc5 21.
Nxc5 Rab8 22. Nd3 f6 23. Re1 Be6 24. Nf4 Bf7 25. f3 Ng5 26. Qc5 Qc7 27. d5 Rbc8
28. h4 b6 29. Qc3 Nxf3+ 30. Bxf3 c5 31. Kf2 Re5 32. Rcd1 Qd6 33. b4 axb4 34.
axb4 Rc7 35. b5 Ra7 36. Ra1 1-0